000 00306nam a2200121 a 4500
001 4140
005 20140414131902.0
008 090218s19uu xx 00 eng d
050 _aFIC
_bG41 1993
100 _aGiligan, Sahannon
245 _aChoose your own adventure. Bk. 127 :
_bshowdown.
999 _c110745
_d110745